Conjugaison de l’auxiliaire sein au présent - Statistiques

Statistiques générales
  • Ce quiz a été pris 24 fois
  • Le résultat moyen est 5 sur 6
Statistiques - réponses
Hint Réponse % Correct
Ich Bin
95%
Er, sie, es Ist
90%
Du Bist
86%
Wir Sind
71%
Sie, sie Sind
71%
Ihr Seid
57%
Aucun quiz correspondant
Distribution des résultats
% des personnes avec chaque résultat
Percentile par nombre de réponses
Votre historique - résultats
Vous n’avez pas pris ce quiz